000
00232nam a22000857a 4500
008
160713b xxu||||| |||| 00| 0 eng d
100
_9
2729
_a
Raskin, E
245
_a
The Mysterious Disappearance of Leon
260
_a
N.Y
_b
E.P.Dutton
_c
1971
999
_c
2369
_d
2369